00606nam a2200205Ia 450000500170000000800410001702000150005808200080007310000180008124500900009926000290018930000160021865000130023465000130024765000130026065000110027394200060028495200950029099900150038520250116053853.0240331s9999 xx 000 0 und d a8185229392 bPAN aPanikkar, K.N 0aCulture,ideology,hegemony :bintellectuals and social consciousness in colonial India aNew DelhibTulika c2001 aX, 212 p ., aCultural aIdeology aMedicine aSocial cL 001040708LaWERCLbWERCLcSSCd2024-03-31l0o 934 PANp4741r2024-03-31w2024-03-31yL c4445d4445